Η ψυχολογία του ασυνείδητου
Αποθηκεύτηκε σε:
| Κύριος συγγραφέας: | |
|---|---|
| Άλλοι συγγραφείς: | |
| Μορφή: | Βιβλίο |
| Γλώσσα: | Greek German |
| Δημοσίευση: |
Αθήνα :
Βιβλιοθήκη για όλους,
[195-].
|
| Θέματα: | |
| Ετικέτες: |
Προσθήκη ετικέτας
Δεν υπάρχουν, Καταχωρήστε ετικέτα πρώτοι!
|
MARC
| LEADER | 00000nam a2200000 a 4500 | ||
|---|---|---|---|
| 001 | 1/126499 | ||
| 008 | 230504q195u####gr | ||| |||| ||gre|| | ||
| 040 | |a GR-MyUa |b gre |c GR-MyUa |e AACR2 | ||
| 041 | 1 | |a gre |h ger | |
| 082 | 7 | |a 150.1954 |2 (23) | |
| 100 | 1 | |a Jung, C. G. |q (Carl Gustav), |d 1875-1961. | |
| 245 | 1 | 2 | |a Η ψυχολογία του ασυνείδητου / |c Κάρλ Γιουγκ ; εισαγωγή και μετάφραση Κώστα Β. Νικολάου. |
| 260 | |a Αθήνα : |b Βιβλιοθήκη για όλους, |c [195-]. | ||
| 300 | |a 157 σ. ; |c 21 εκ. | ||
| 650 | 0 | |a Psychoanalysis. | |
| 650 | 0 | |a Subconsciousness. | |
| 650 | 0 | |a Symbolism. | |
| 650 | 0 | |a Sex (Psychology) | |
| 700 | 1 | |a Νικολάου, Κώστας Β. |e aui |e trl | |
| 852 | |a INST |b SAMOS |e 20230504 |h 150.1954 JUN |p 005300048005 |q 005300048005 |t BK |y 0 | ||
| 970 | |a Γουβάλα |b Βάσω |z 04-05-2023 | ||